Retrouver l'émission TV #Stéphane Plagiat - Statistiques

Statistiques générales
  • Ce quiz a été pris 162 fois
  • Le résultat moyen est 10 sur 15
Statistiques - réponses
Pitch d'émission Émission originale % Correct
4 inconnus seraient assis dans un canapé fixe et une célébrité viendrait chanter mais de dos. Si ils aiment, ils buzzent et la célébrité pourrait se retourner, face à eux. The voice
93%
Dans un décors de pizzéria, 2 équipes, disons les 4 Fromages et les Margherita, composé d'inconnu et de célébrités s'affrontent, avec des questions plutôt drôles pour tenter de remporter "la grande pizza de la mort". Burger quiz
84%
Des gens qui n'ont aucune compétence spéciale viendrait sur scène, devant un jury, pour leur montrer qu'ils sont nul dans un domaine de leur choix. La France à un incroyable talent
84%
On lâcherait une quinzaine de personnes dans une ville abandonnée et ils devraient survivre tout en gagnant des épreuves. Koh Lanta
81%
Plusieurs trio de candidats font la courses. Ils doivent faire du "car-jacking" pour pouvoir se déplacer et être les premiers arrivés à un lieu donné. Pékin express
77%
Des candidats devraient lire des répliques de film et a un moment, il manque un morceau de la phrase et le candidat doit retrouver la fin. N'oubliez pas les paroles
76%
Dans chaque émissions, 2 pays s'affrontent dans des épreuves très drôles, dont une qui se passerait dans une arène avec un sanglier. Intervilles
75%
Des inconnus s'invitent mutuellement chez eux pour prendre le petit-déj, ils devraient se noter et le meilleur gagnerait 500 balles. Un diner presque parfait
74%
Ça serait une émission de divertissement, qui passerait les mercredis soir, ou des célébrités viendraient et participeraient à des épreuves loufoques et il y aurait un décors pivotant. Vendredi tout est permis
73%
On donnerait de l'argent à une personne. Ensuite, elle doit réponde à des questions et à chaque fois qu'elle se trompe, elle perd de l'argent. Elle aurait aussi des jokers !! Qui veut gagner des millions ?
65%
Ca serait diffusé tous les dimanches matin, sur un plateau. On verrait les plus belles actions et les meilleurs moments des matchs de Badminton de la semaine. Téléfoot
65%
Une téléréalité ou des inconnus devraient tenter de cacher un objet qu'il aurait emporté avec eux dans la maison. Secret Story
63%
Deux groupes d'inconnus s'affrontent dans un jeu ou l'on doit deviner les réponses les plus données par un panel de 100 personnes. Une famille en or
52%
Un candidat lance un dé sur lequel apparait des sommes d'argent. Il doit ensuite proposé des lettres afin de déchiffrez une phrase secrète. La roue de la fortune
50%
Il y aurait des colis abandonnées, et des gens (toujours les mêmes dans toutes les émissions) se battraient à coup d'enchère pour les avoir. Storage wars
6%
Aucun quiz correspondant
Distribution des résultats
% des personnes avec chaque résultat
Percentile par nombre de réponses
Votre historique - résultats
Vous n’avez pas pris ce quiz